Histoire du métier d'architecte en France /

Saved in:
நூற்பட்டியல் விவரங்கள்
தலைமை எழுத்தாளர்: Ringon, Gérard.
வடிவம்: புத்தகம்
மொழி:French
வெளியீடப்பட்டது: Paris : PUF, 1997.
தொகுதி:Que sais-je ? ; 3251
பகுதிகள்:
குறியீடுகள்: குறிச்சொல் இணை
குறியீடுகள் இல்லை, இந்த குறிச்சொல்லை முதலில் பதிவு செய்யுங்கள்!
LEADER 00679nam a2200229Ka 4500
001 007777687-9
005 20020606104010.5
008 971202s1997 fr a 000 0 fre d
020 |a 2130484174 
035 0 |a ocm38025673 
040 |a FVA  |b fre  |c FVA  |d FLL 
090 |a NA1995  |f RIN 
100 1 |a Ringon, Gérard. 
245 1 0 |a Histoire du métier d'architecte en France /  |c Gérard Ringon. 
260 |a Paris :  |b PUF,  |c 1997. 
300 |a 127 p. :  |b ill. ;  |c 18 cm. 
490 0 |a Que sais-je ? ;  |v 3251 
504 |a Includes bibliographical references. 
650 0 |a Architects  |z France. 
650 0 |a Architecture  |z France  |x Study and teaching  |x History. 
988 |a 20020608 
906 |0 OCLC